Sąsiedzi Polski - Statystyki

Ogólne statystyki
  • Ten quiz został rozwiązany 64 razy
  • Średni wynik to 7 z 7
Statystyki odpowiedzi
Hint Odpowiedź % Poprawnych
. Niemcy
100%
. Ukraina
100%
. Czechy
98%
. Rosja
98%
. Litwa
96%
. Slowacja
96%
. Białoruś
95%
Nie znaleziono quizów pasujących do podanych kryteriów
Rozkład punktacji
Procent ludzi z każdym wynikiem
Percentyl według liczby udzielonych odpowiedzi
Twoja historia wyników
Nie rozwiązałeś tego quizu